|
|
|
|
| LEADER |
00835pam a22002058a 4500 |
| 001 |
00000605 |
| 005 |
20171026081022.0 |
| 008 |
110322s1979 ||||||Viesd |
| 041 |
0 |
# |
|a Vie
|
| 082 |
1 |
4 |
|a 324.259 707 1
|b T116C
|
| 110 |
1 |
# |
|a Ban chấp hành trung ương Đảng
|b Đảng Cộng Sản Việt Nam
|
| 245 |
0 |
0 |
|a Tăng cường xây dựng Đảng trong xí nghiệp công nghiệp quốc danh
|
| 260 |
# |
# |
|a H.
|b Sự thật
|c 1979
|
| 300 |
# |
# |
|a 29 tr.
|c 19 cm.
|
| 650 |
# |
4 |
|a Xây dựng Đảng cộng sản việt nam
|
| 653 |
# |
# |
|a Văn phòng pháp quy
|a Xây dựng Đảng
|a Xí nghiệp quốc danh
|a ĐCSVN
|
| 852 |
# |
# |
|b Kho đọc
|j KD.0000266
|
| 852 |
# |
# |
|j KD.0000266
|
| 910 |
|
|
|d 22/03/2011
|
| 980 |
# |
# |
|a Trung tâm Học liệu Lê Vũ Hùng, Trường Đại học Đồng Tháp
|